10 x 10 Nonogram with Whammies - "Feathery" - Statistics

General Stats
  • This quiz has been taken 1,720 times
  • The average score is 70 of 100
Answer Stats
Answer % Correct
d
83%
x
83%
d
82%
d
82%
d
82%
d
81%
x
81%
x
81%
x
81%
d
80%
x
80%
d
79%
d
78%
d
78%
d
77%
d
77%
d
76%
d
76%
d
76%
d
74%
x
73%
x
73%
d
72%
d
72%
d
72%
d
72%
x
72%
x
72%
x
72%
x
72%
x
72%
x
72%
x
72%
x
72%
d
71%
d
71%
x
71%
x
71%
x
71%
x
71%
x
71%
x
71%
x
71%
d
70%
d
70%
d
70%
x
70%
x
70%
x
70%
x
70%
d
69%
d
69%
d
69%
d
69%
d
69%
x
69%
x
69%
x
69%
d
68%
d
68%
x
68%
x
68%
x
68%
x
68%
x
68%
d
67%
d
67%
d
67%
d
67%
x
67%
x
67%
x
67%
x
67%
x
67%
d
66%
d
66%
x
66%
x
66%
x
66%
x
66%
d
65%
d
65%
x
65%
x
65%
x
65%
x
64%
x
64%
x
64%
x
64%
x
64%
x
64%
d
63%
x
63%
x
63%
x
63%
d
61%
x
61%
d
59%
d
59%
x
59%
No matching quizzes found
Score Distribution
Percent of People with Each Score
Percentile by Number Answered
Your Score History
You have not taken this quiz